[Event "Deutsche Ländermeisterschaft 2025"]
[Site "Oer-Erkenschwick GER"]
[Date "2025.10.05"]
[Round "7"]
[White "Ratushna, Olha"]
[Black "Tu, Tiffany"]
[Result "1/2-1/2"]
[Termination "normal"]
[Board "2.8"]
[WhiteElo "1650"]
[BlackElo "1707"]
[WhiteClock "00:05:55"]
[BlackClock "00:36:17"]
[WhiteTeam "Bayern"]
[BlackTeam "Württemberg"]
[PlyCount "117"]
[WhiteFideId "34172602"]
[BlackFideId "34628576"]
[EventCountry "GER"]
[EventRounds "7"]
[EventType "team-swiss"]
[EventDate "2025.09.30"]

1. e4 {[%clk 01:30:59]} e5 {[%clk 01:30:58]} {[%emt 00:00:02]} 2. Nf3 {[%clk
01:31:28]} {[%emt 00:00:01]} Nc6 {[%clk 01:31:19]} {[%emt 00:00:09]} 3. Nc3
{[%clk 01:31:54]} {[%emt 00:00:04]} Nf6 {[%clk 01:31:46]} {[%emt 00:00:03]} 4.
d4 {[%clk 01:32:19]} {[%emt 00:00:05]} exd4 {[%clk 01:32:09]} {[%emt 00:00:07]}
5. Nxd4 {[%clk 01:32:48]} {[%emt 00:00:02]} Bb4 {[%clk 01:32:28]} {[%emt
00:00:10]} 6. Nxc6 {[%clk 01:33:01]} {[%emt 00:00:17]} bxc6 {[%clk 01:32:53]}
{[%emt 00:00:05]} 7. Bd3 {[%clk 01:33:23]} {[%emt 00:00:08]} d5 {[%clk
01:33:15]} {[%emt 00:00:09]} 8. exd5 {[%clk 01:33:23]} {[%emt 00:00:30]} cxd5
{[%clk 01:33:43]} {[%emt 00:00:02]} 9. O-O {[%clk 01:33:42]} {[%emt 00:00:12]}
O-O {[%clk 01:34:09]} {[%emt 00:00:04]} 10. Bg5 {[%clk 01:33:58]} {[%emt
00:00:14]} Be7 {[%clk 01:34:16]} {[%emt 00:00:22]} 11. h3 {[%clk 01:32:21]}
{[%emt 00:02:08]} c6 {[%clk 01:34:20]} {[%emt 00:00:25]} 12. Re1 {[%clk
01:31:49]} {[%emt 00:01:03]} Be6 {[%clk 01:34:29]} {[%emt 00:00:21]} 13. Qf3
{[%clk 01:30:03]} {[%emt 00:02:17]} Rb8 {[%clk 01:33:41]} {[%emt 00:01:17]} 14.
Reb1 {[%clk 01:17:20]} {[%emt 00:13:14]} h6 {[%clk 01:31:12]} {[%emt 00:02:58]}
15. Bh4 {[%clk 01:17:41]} {[%emt 00:00:09]} Re8 {[%clk 01:30:25]} {[%emt
00:01:16]} 16. Ne2 {[%clk 01:14:26]} {[%emt 00:03:47]} Qc7 {[%clk 01:20:50]}
{[%emt 00:09:57]} 17. Nd4 {[%clk 01:13:09]} {[%emt 00:01:54]} Bd7 {[%clk
01:17:36]} {[%emt 00:03:40]} 18. Nf5 {[%clk 01:11:27]} {[%emt 00:02:17]} Bxf5
{[%clk 01:17:03]} {[%emt 00:01:02]} 19. Qxf5 {[%clk 01:11:53]} {[%emt
00:00:04]} g6 {[%clk 01:15:41]} {[%emt 00:01:52]} 20. Qf3 {[%clk 01:10:45]}
{[%emt 00:01:39]} Ne4 {[%clk 01:14:49]} {[%emt 00:01:21]} 21. Bxe4 {[%clk
01:00:01]} {[%emt 00:11:16]} Bxh4 {[%clk 01:14:52]} {[%emt 00:00:27]} 22. Bd3
{[%clk 01:00:30]} {[%emt 00:00:01]} Qe5 {[%clk 01:14:02]} {[%emt 00:01:18]} 23.
c3 {[%clk 00:57:10]} {[%emt 00:03:51]} Kg7 {[%clk 01:09:35]} {[%emt 00:04:55]}
24. Kf1 {[%clk 00:55:06]} {[%emt 00:02:37]} Qf6 {[%clk 01:09:11]} {[%emt
00:00:50]} 25. Qxf6+ {[%clk 00:52:20]} {[%emt 00:03:19]} Bxf6 {[%clk 01:09:35]}
{[%emt 00:00:06]} 26. a3 {[%clk 00:51:43]} {[%emt 00:01:07]} Rb6 {[%clk
01:08:25]} {[%emt 00:01:38]} 27. Ra2 {[%clk 00:47:22]} {[%emt 00:04:52]} Reb8
{[%clk 01:08:08]} {[%emt 00:00:46]} 28. b4 {[%clk 00:46:42]} {[%emt 00:01:10]}
Bxc3 {[%clk 01:07:18]} {[%emt 00:01:20]} 29. Rc2 {[%clk 00:47:10]} {[%emt
00:00:03]} d4 {[%clk 01:07:29]} {[%emt 00:00:19]} 30. Rbc1 {[%clk 00:42:48]}
{[%emt 00:04:51]} f5 {[%clk 01:04:23]} {[%emt 00:03:35]} 31. Re2 {[%clk
00:40:27]} {[%emt 00:02:52]} Kf6 {[%clk 01:03:38]} {[%emt 00:01:15]} 32. Bc4
{[%clk 00:38:28]} {[%emt 00:02:30]} c5 {[%clk 01:02:19]} {[%emt 00:01:49]} 33.
b5 {[%clk 00:35:02]} {[%emt 00:03:56]} Rd6 {[%clk 00:59:44]} {[%emt 00:03:02]}
34. Rd1 {[%clk 00:33:42]} {[%emt 00:01:53]} Rbd8 {[%clk 00:56:48]} {[%emt
00:03:23]} 35. Rc2 {[%clk 00:31:01]} {[%emt 00:03:14]} Kg5 {[%clk 00:52:42]}
{[%emt 00:04:33]} 36. Ke2 {[%clk 00:24:32]} {[%emt 00:07:02]} Re8+ {[%clk
00:51:14]} {[%emt 00:01:57]} 37. Kd3 {[%clk 00:17:05]} {[%emt 00:07:58]} Kf4
{[%clk 00:49:49]} {[%emt 00:01:51]} 38. Re2 {[%clk 00:15:54]} {[%emt 00:01:44]}
Rxe2 {[%clk 00:49:15]} {[%emt 00:01:05]} 39. Kxe2 {[%clk 00:16:22]} {[%emt
00:00:02]} Rd7 {[%clk 00:48:11]} {[%emt 00:01:32]} 40. g3+ {[%clk 00:16:04]}
{[%emt 00:00:50]} Ke4 {[%clk 00:46:27]} {[%emt 00:02:04]} 41. Rd3 {[%clk
00:13:25]} {[%emt 00:03:19]} Re7 {[%clk 00:43:34]} {[%emt 00:03:20]} 42. a4
{[%clk 00:07:32]} {[%emt 00:06:25]} f4 {[%clk 00:41:15]} {[%emt 00:02:48]} 43.
g4 {[%clk 00:01:00]} {[%emt 00:07:04]} fxg3 {[%clk 00:40:28]} {[%emt 00:01:17]}
44. fxg3 {[%clk 00:00:37]} {[%emt 00:00:53]} g5 {[%clk 00:39:25]} {[%emt
00:01:33]} 45. Rf3 {[%clk 00:29:06]} {[%emt 00:02:01]} h5 {[%clk 01:04:43]}
{[%emt 00:05:12]} 46. Kf2 {[%clk 00:25:01]} {[%emt 00:04:33]} Be1+ {[%clk
01:02:44]} {[%emt 00:02:25]} 47. Ke2 {[%clk 00:25:08]} {[%emt 00:00:28]} Bc3
{[%clk 01:01:46]} {[%emt 00:01:27]} 48. Kf2 {[%clk 00:25:35]} {[%emt 00:00:04]}
Bd2 {[%clk 01:01:26]} {[%emt 00:00:45]} 49. Bd3+ {[%clk 00:23:13]} {[%emt
00:02:57]} Kd5 {[%clk 01:01:30]} {[%emt 00:00:25]} 50. Rf5+ {[%clk 00:23:36]}
{[%emt 00:00:08]} Kd6 {[%clk 00:58:03]} {[%emt 00:03:55]} 51. Rf6+ {[%clk
00:23:13]} {[%emt 00:00:56]} Kd7 {[%clk 00:55:08]} {[%emt 00:03:17]} 52. Bf5+
{[%clk 00:16:50]} {[%emt 00:07:01]} Kd8 {[%clk 00:53:43]} {[%emt 00:01:43]} 53.
Rd6+ {[%clk 00:16:14]} {[%emt 00:01:18]} Kc7 {[%clk 00:50:07]} {[%emt
00:04:03]} 54. Rc6+ {[%clk 00:16:33]} {[%emt 00:00:14]} Kb7 {[%clk 00:44:55]}
{[%emt 00:05:41]} 55. Rxc5 {[%clk 00:16:23]} {[%emt 00:00:41]} Be3+ {[%clk
00:44:36]} {[%emt 00:00:48]} 56. Kf3 {[%clk 00:13:08]} {[%emt 00:03:46]} d3
{[%clk 00:41:46]} {[%emt 00:03:20]} 57. Rd5 {[%clk 00:12:02]} {[%emt 00:01:33]}
g4+ {[%clk 00:36:42]} {[%emt 00:05:37]} 58. hxg4 {[%clk 00:08:43]} {[%emt
00:03:49]} hxg4+ {[%clk 00:36:17]} {[%emt 00:00:55]} 59. Bxg4 {[%clk 00:05:55]}
{[%emt 00:03:17]} 1/2-1/2

[Event "Deutsche Ländermeisterschaft 2025"]
[Site "Oer-Erkenschwick GER"]
[Date "2025.10.05"]
[Round "7"]
[White "Sydykov, Bayastan"]
[Black "Haack, Kevin"]
[Result "1-0"]
[Termination "normal"]
[Board "3.1"]
[WhiteTitle "FM"]
[BlackTitle "FM"]
[WhiteElo "2357"]
[BlackElo "2380"]
[WhiteClock "00:07:25"]
[BlackClock "00:10:47"]
[WhiteTeam "Baden"]
[BlackTeam "Hessen"]
[PlyCount "129"]
[WhiteFideId "13829610"]
[BlackFideId "16228715"]
[EventCountry "GER"]
[EventRounds "7"]
[EventType "team-swiss"]
[EventDate "2025.09.30"]

1. e4 {[%clk 01:30:52]} {[%emt 00:00:08]} c6 {[%clk 01:30:56]} {[%emt
00:00:04]} 2. d4 {[%clk 01:31:19]} {[%emt 00:00:03]} d5 {[%clk 01:31:22]}
{[%emt 00:00:03]} 3. exd5 {[%clk 01:31:47]} {[%emt 00:00:03]} cxd5 {[%clk
01:31:50]} {[%emt 00:00:02]} 4. Nf3 {[%clk 01:32:13]} {[%emt 00:00:05]} Nc6
{[%clk 01:32:17]} {[%emt 00:00:02]} 5. c3 {[%clk 01:32:38]} {[%emt 00:00:05]}
Bf5 {[%clk 01:32:43]} {[%emt 00:00:04]} 6. Qb3 {[%clk 01:32:53]} {[%emt
00:00:16]} Qd7 {[%clk 01:33:06]} {[%emt 00:00:06]} 7. Nh4 {[%clk 01:32:57]}
{[%emt 00:00:25]} Bg4 {[%clk 01:33:31]} {[%emt 00:00:05]} 8. h3 {[%clk
01:29:30]} {[%emt 00:03:59]} Be6 {[%clk 01:33:58]} {[%emt 00:00:02]} 9. Bd3
{[%clk 01:28:41]} {[%emt 00:01:20]} f6 {[%clk 01:34:01]} {[%emt 00:00:26]} 10.
Nf3 {[%clk 01:27:16]} {[%emt 00:01:54]} g5 {[%clk 01:28:40]} {[%emt 00:05:51]}
11. Qc2 {[%clk 01:17:03]} {[%emt 00:10:44]} Nh6 {[%clk 01:17:22]} {[%emt
00:11:48]} 12. Nbd2 {[%clk 01:13:01]} {[%emt 00:04:32]} Rc8 {[%clk 01:09:20]}
{[%emt 00:08:31]} 13. Qd1 {[%clk 01:06:40]} {[%emt 00:06:51]} Bf5 {[%clk
01:04:31]} {[%emt 00:05:18]} 14. Nb3 {[%clk 01:03:57]} {[%emt 00:03:13]} e6
{[%clk 01:02:33]} {[%emt 00:02:28]} 15. Be3 {[%clk 01:00:02]} {[%emt 00:04:25]}
a5 {[%clk 00:59:54]} {[%emt 00:03:09]} 16. a4 {[%clk 00:47:07]} {[%emt
00:13:26]} b6 {[%clk 00:52:39]} {[%emt 00:07:44]} 17. Ba6 {[%clk 00:38:30]}
{[%emt 00:09:06]} Nf7 {[%clk 00:49:28]} {[%emt 00:03:41]} 18. Nfd2 {[%clk
00:32:05]} {[%emt 00:06:56]} h5 {[%clk 00:48:20]} {[%emt 00:01:37]} 19. Be2
{[%clk 00:29:11]} {[%emt 00:03:24]} Bg6 {[%clk 00:47:52]} {[%emt 00:00:58]} 20.
f4 {[%clk 00:24:38]} {[%emt 00:05:03]} Bd6 {[%clk 00:37:55]} {[%emt 00:10:26]}
21. O-O {[%clk 00:22:53]} {[%emt 00:02:15]} g4 {[%clk 00:37:49]} {[%emt
00:00:37]} 22. h4 {[%clk 00:22:07]} {[%emt 00:01:16]} Nh6 {[%clk 00:37:54]}
{[%emt 00:00:24]} 23. g3 {[%clk 00:20:59]} {[%emt 00:01:39]} O-O {[%clk
00:35:57]} {[%emt 00:02:27]} 24. Bb5 {[%clk 00:18:02]} {[%emt 00:03:28]} Nf5
{[%clk 00:27:56]} {[%emt 00:08:30]} 25. Bf2 {[%clk 00:18:20]} {[%emt 00:00:12]}
Qc7 {[%clk 00:26:12]} {[%emt 00:02:14]} 26. c4 {[%clk 00:16:06]} {[%emt
00:02:44]} Bxf4 {[%clk 00:18:44]} {[%emt 00:07:57]} 27. gxf4 {[%clk 00:13:41]}
{[%emt 00:02:55]} Qxf4 {[%clk 00:19:12]} {[%emt 00:00:02]} 28. Qe2 {[%clk
00:12:10]} {[%emt 00:02:02]} g3 {[%clk 00:17:36]} {[%emt 00:02:06]} 29. Be1
{[%clk 00:12:13]} {[%emt 00:00:27]} Ncxd4 {[%clk 00:17:43]} {[%emt 00:00:22]}
30. Nxd4 {[%clk 00:10:34]} {[%emt 00:02:09]} Qxd4+ {[%clk 00:18:10]} {[%emt
00:00:03]} 31. Kh1 {[%clk 00:09:18]} {[%emt 00:01:47]} Qxh4+ {[%clk 00:18:18]}
{[%emt 00:00:22]} 32. Kg1 {[%clk 00:09:43]} {[%emt 00:00:05]} Qd4+ {[%clk
00:13:36]} {[%emt 00:05:12]} 33. Kh1 {[%clk 00:10:07]} {[%emt 00:00:07]} Ne3
{[%clk 00:10:44]} {[%emt 00:03:22]} 34. Bxg3 {[%clk 00:04:12]} {[%emt
00:06:24]} Nxf1 {[%clk 00:06:40]} {[%emt 00:04:33]} 35. Rxf1 {[%clk 00:04:30]}
{[%emt 00:00:13]} Rf7 {[%clk 00:02:23]} {[%emt 00:04:48]} 36. Qxe6 {[%clk
00:02:39]} {[%emt 00:02:21]} Rd8 {[%clk 00:02:51]} {[%emt 00:00:01]} 37. Bf4
{[%clk 00:01:37]} {[%emt 00:01:32]} Kg7 {[%clk 00:02:12]} {[%emt 00:01:10]} 38.
Be8 {[%clk 00:00:38]} {[%emt 00:01:29]} Rxe8 {[%clk 00:01:02]} {[%emt
00:01:39]} 39. Qxe8 {[%clk 00:01:07]} {[%emt 00:00:01]} dxc4 {[%clk 00:01:20]}
{[%emt 00:00:12]} 40. Qe3 {[%clk 00:00:37]} {[%emt 00:01:00]} Qxb2 {[%clk
00:00:51]} {[%emt 00:00:59]} 41. Nxc4 {[%clk 00:28:29]} {[%emt 00:02:38]} Qc2
{[%clk 00:27:51]} {[%emt 00:03:29]} 42. Nd6 {[%clk 00:27:59]} {[%emt 00:01:00]}
Kh7 {[%clk 00:27:00]} {[%emt 00:01:21]} 43. Rc1 {[%clk 00:22:58]} {[%emt
00:05:31]} Qxa4 {[%clk 00:17:58]} {[%emt 00:09:31]} 44. Nxf7 {[%clk 00:23:13]}
{[%emt 00:00:16]} Bxf7 {[%clk 00:18:26]} {[%emt 00:00:02]} 45. Qd3+ {[%clk
00:21:48]} {[%emt 00:01:56]} Kh8 {[%clk 00:18:36]} {[%emt 00:00:20]} 46. Qd8+
{[%clk 00:20:01]} {[%emt 00:02:16]} Kh7 {[%clk 00:16:50]} {[%emt 00:02:16]} 47.
Qxf6 {[%clk 00:19:19]} {[%emt 00:01:13]} Qe4+ {[%clk 00:16:28]} {[%emt
00:00:52]} 48. Kh2 {[%clk 00:10:04]} {[%emt 00:09:45]} Qe6 {[%clk 00:13:07]}
{[%emt 00:03:50]} 49. Qxe6 {[%clk 00:10:08]} {[%emt 00:00:27]} Bxe6 {[%clk
00:13:28]} {[%emt 00:00:09]} 50. Rc6 {[%clk 00:10:32]} {[%emt 00:00:06]} Bf7
{[%clk 00:13:22]} {[%emt 00:00:36]} 51. Rxb6 {[%clk 00:10:48]} {[%emt
00:00:14]} a4 {[%clk 00:13:48]} {[%emt 00:00:04]} 52. Be5 {[%clk 00:08:19]}
{[%emt 00:02:59]} Kg8 {[%clk 00:12:53]} {[%emt 00:01:24]} 53. Rb8+ {[%clk
00:08:12]} {[%emt 00:00:38]} Kh7 {[%clk 00:13:17]} {[%emt 00:00:06]} 54. Kg3
{[%clk 00:08:33]} {[%emt 00:00:09]} Kg6 {[%clk 00:13:15]} {[%emt 00:00:31]} 55.
Kf4 {[%clk 00:08:04]} {[%emt 00:01:00]} Bb3 {[%clk 00:13:11]} {[%emt 00:00:33]}
56. Rb7 {[%clk 00:06:26]} {[%emt 00:02:09]} Bc2 {[%clk 00:13:07]} {[%emt
00:00:34]} 57. Rc7 {[%clk 00:05:56]} {[%emt 00:01:00]} Bd1 {[%clk 00:11:11]}
{[%emt 00:02:26]} 58. Rg7+ {[%clk 00:06:14]} {[%emt 00:00:13]} Kh6 {[%clk
00:11:40]} {[%emt 00:00:01]} 59. Rd7 {[%clk 00:06:17]} {[%emt 00:00:26]} Bb3
{[%clk 00:10:47]} {[%emt 00:01:23]} 60. Rd6+ {[%clk 00:06:42]} {[%emt
00:00:06]} Kh7 {[%clk 00:11:11]} {[%emt 00:00:06]} 61. Kg5 {[%clk 00:06:56]}
{[%emt 00:00:17]} Kg8 {[%clk 00:10:52]} {[%emt 00:00:49]} 62. Kf6 {[%clk
00:06:24]} {[%emt 00:01:02]} Kh7 {[%clk 00:11:16]} {[%emt 00:00:05]} 63. Rd8
{[%clk 00:06:43]} {[%emt 00:00:11]} Bg8 {[%clk 00:10:19]} {[%emt 00:01:26]} 64.
Rd7+ {[%clk 00:07:01]} {[%emt 00:00:13]} Kh8 {[%clk 00:10:47]} {[%emt
00:00:02]} 65. Kg6# {[%clk 00:07:25]} {[%emt 00:00:06]} 1-0

[Event "Deutsche Ländermeisterschaft 2025"]
[Site "Oer-Erkenschwick GER"]
[Date "2025.10.05"]
[Round "7"]
[White "Mester, Philipp"]
[Black "Semling, Julius"]
[Result "1/2-1/2"]
[Termination "normal"]
[Board "3.2"]
[WhiteElo "2246"]
[BlackElo "2251"]
[WhiteClock "00:06:46"]
[BlackClock "00:03:53"]
[WhiteTeam "Hessen"]
[BlackTeam "Baden"]
[PlyCount "92"]
[WhiteFideId "34624902"]
[BlackFideId "16290160"]
[EventCountry "GER"]
[EventRounds "7"]
[EventType "team-swiss"]
[EventDate "2025.09.30"]

1. d4 {[%clk 01:30:58]} {[%emt 00:00:02]} d5 {[%clk 01:30:46]} {[%emt
00:00:14]} 2. c4 {[%clk 01:31:22]} {[%emt 00:00:06]} c5 {[%clk 01:31:06]}
{[%emt 00:00:10]} 3. cxd5 {[%clk 01:29:53]} {[%emt 00:01:59]} Qxd5 {[%clk
01:31:19]} {[%emt 00:00:16]} 4. Nf3 {[%clk 01:29:00]} {[%emt 00:01:23]} cxd4
{[%clk 01:31:28]} {[%emt 00:00:21]} 5. Nc3 {[%clk 01:28:17]} {[%emt 00:01:13]}
Qa5 {[%clk 01:31:49]} {[%emt 00:00:09]} 6. Nxd4 {[%clk 01:26:23]} {[%emt
00:02:24]} Nf6 {[%clk 01:31:24]} {[%emt 00:00:55]} 7. g3 {[%clk 01:16:28]}
{[%emt 00:10:26]} e5 {[%clk 01:31:35]} {[%emt 00:00:19]} 8. Nb3 {[%clk
01:16:24]} {[%emt 00:00:34]} Qc7 {[%clk 01:31:59]} {[%emt 00:00:06]} 9. Bg2
{[%clk 01:16:19]} {[%emt 00:00:35]} Bb4 {[%clk 01:32:21]} {[%emt 00:00:09]} 10.
Bd2 {[%clk 01:08:10]} {[%emt 00:08:39]} O-O {[%clk 01:30:28]} {[%emt 00:02:21]}
11. Rc1 {[%clk 01:05:58]} {[%emt 00:02:43]} Nc6 {[%clk 01:29:37]} {[%emt
00:01:21]} 12. Nd5 {[%clk 01:00:59]} {[%emt 00:05:30]} Nxd5 {[%clk 01:25:47]}
{[%emt 00:04:20]} 13. Bxd5 {[%clk 01:01:16]} {[%emt 00:00:12]} Bxd2+ {[%clk
01:21:13]} {[%emt 00:05:04]} 14. Qxd2 {[%clk 01:01:09]} {[%emt 00:00:37]} Rd8
{[%clk 01:17:03]} {[%emt 00:04:40]} 15. e4 {[%clk 01:00:49]} {[%emt 00:00:50]}
Be6 {[%clk 01:07:31]} {[%emt 00:10:01]} 16. O-O {[%clk 00:57:28]} {[%emt
00:03:51]} Qb6 {[%clk 00:58:35]} {[%emt 00:09:26]} 17. Rc5 {[%clk 00:26:46]}
{[%emt 00:31:12]} Nb4 {[%clk 00:46:51]} {[%emt 00:12:13]} 18. Qc3 {[%clk
00:14:20]} {[%emt 00:12:56]} Nxd5 {[%clk 00:38:19]} {[%emt 00:09:02]} 19. exd5
{[%clk 00:14:41]} {[%emt 00:00:09]} Rxd5 {[%clk 00:35:24]} {[%emt 00:03:24]}
20. Rxd5 {[%clk 00:15:02]} {[%emt 00:00:10]} Bxd5 {[%clk 00:35:51]} {[%emt
00:00:03]} 21. Qxe5 {[%clk 00:15:23]} {[%emt 00:00:09]} Qe6 {[%clk 00:32:04]}
{[%emt 00:04:16]} 22. Qxe6 {[%clk 00:15:26]} {[%emt 00:00:29]} fxe6 {[%clk
00:28:43]} {[%emt 00:03:51]} 23. Rc1 {[%clk 00:13:09]} {[%emt 00:02:47]} Rd8
{[%clk 00:26:07]} {[%emt 00:03:06]} 24. f4 {[%clk 00:12:58]} {[%emt 00:00:40]}
b6 {[%clk 00:24:37]} {[%emt 00:02:01]} 25. Rc3 {[%clk 00:08:28]} {[%emt
00:05:00]} Bxb3 {[%clk 00:15:56]} {[%emt 00:09:11]} 26. Rxb3 {[%clk 00:08:43]}
{[%emt 00:00:15]} Rd1+ {[%clk 00:14:16]} {[%emt 00:02:09]} 27. Kg2 {[%clk
00:08:50]} {[%emt 00:00:23]} Rd2+ {[%clk 00:14:41]} {[%emt 00:00:05]} 28. Kh3
{[%clk 00:07:45]} {[%emt 00:01:35]} h5 {[%clk 00:12:22]} {[%emt 00:02:47]} 29.
Ra3 {[%clk 00:07:10]} {[%emt 00:01:07]} Rxb2 {[%clk 00:12:11]} {[%emt
00:00:40]} 30. Rxa7 {[%clk 00:07:33]} {[%emt 00:00:09]} Kh7 {[%clk 00:11:19]}
{[%emt 00:01:22]} 31. Re7 {[%clk 00:05:38]} {[%emt 00:02:25]} Rxa2 {[%clk
00:10:24]} {[%emt 00:01:26]} 32. Rxe6 {[%clk 00:06:03]} {[%emt 00:00:05]} Rb2
{[%clk 00:09:48]} {[%emt 00:01:05]} 33. Re5 {[%clk 00:05:59]} {[%emt 00:00:34]}
Kg6 {[%clk 00:09:25]} {[%emt 00:00:53]} 34. Rg5+ {[%clk 00:05:57]} {[%emt
00:00:33]} Kh6 {[%clk 00:09:46]} {[%emt 00:00:08]} 35. Rd5 {[%clk 00:06:15]}
{[%emt 00:00:12]} b5 {[%clk 00:09:30]} {[%emt 00:00:46]} 36. Rd6+ {[%clk
00:06:35]} {[%emt 00:00:11]} Kh7 {[%clk 00:09:49]} {[%emt 00:00:09]} 37. Rb6
{[%clk 00:06:45]} {[%emt 00:00:20]} b4 {[%clk 00:08:57]} {[%emt 00:01:23]} 38.
Kh4 {[%clk 00:04:37]} {[%emt 00:02:38]} Rxh2+ {[%clk 00:07:16]} {[%emt
00:02:10]} 39. Kg5 {[%clk 00:05:02]} {[%emt 00:00:05]} Rh3 {[%clk 00:04:17]}
{[%emt 00:03:29]} 40. Rxb4 {[%clk 00:05:02]} {[%emt 00:00:30]} Rxg3+ {[%clk
00:04:19]} {[%emt 00:00:28]} 41. Kxh5 {[%clk 00:05:20]} {[%emt 00:00:12]} Rg1
{[%clk 00:04:24]} {[%emt 00:00:25]} 42. f5 {[%clk 00:05:40]} {[%emt 00:00:10]}
Kg8 {[%clk 00:03:39]} {[%emt 00:01:16]} 43. Rg4 {[%clk 00:05:42]} {[%emt
00:00:28]} Rh1+ {[%clk 00:03:28]} {[%emt 00:00:41]} 44. Kg5 {[%clk 00:06:02]}
{[%emt 00:00:11]} Kf7 {[%clk 00:03:29]} {[%emt 00:00:29]} 45. Ra4 {[%clk
00:06:22]} {[%emt 00:00:10]} Rg1+ {[%clk 00:03:49]} {[%emt 00:00:09]} 46. Kf4
{[%clk 00:06:46]} {[%emt 00:00:05]} Rf1+ {[%clk 00:03:53]} {[%emt 00:00:26]}
1/2-1/2

[Event "Deutsche Ländermeisterschaft 2025"]
[Site "Oer-Erkenschwick GER"]
[Date "2025.10.05"]
[Round "7"]
[White "Semling, Johannes"]
[Black "Derr, Oleg"]
[Result "1/2-1/2"]
[Termination "normal"]
[Board "3.3"]
[WhiteElo "2215"]
[BlackElo "2146"]
[WhiteClock "00:01:43"]
[BlackClock "01:00:45"]
[WhiteTeam "Baden"]
[BlackTeam "Hessen"]
[PlyCount "74"]
[WhiteFideId "16290151"]
[BlackFideId "34611517"]
[EventCountry "GER"]
[EventRounds "7"]
[EventType "team-swiss"]
[EventDate "2025.09.30"]

1. e4 {[%clk 01:30:57]} {[%emt 00:00:02]} c5 {[%clk 01:30:38]} {[%emt
00:00:26]} 2. d4 {[%clk 01:31:22]} {[%emt 00:00:05]} cxd4 {[%clk 01:31:01]}
{[%emt 00:00:07]} 3. Qxd4 {[%clk 01:31:47]} Nc6 {[%clk 01:31:01]} 4. Qd3 {[%clk
01:31:47]} Nf6 {[%clk 01:31:01]} 5. Nc3 {[%clk 01:31:47]} e6 {[%clk 01:31:01]}
6. Bf4 {[%clk 01:31:47]} Bc5 {[%clk 01:26:23]} {[%emt 00:07:21]} 7. O-O-O
{[%clk 01:27:01]} {[%emt 00:06:08]} O-O {[%clk 01:26:37]} {[%emt 00:00:17]} 8.
Be2 {[%clk 01:20:25]} {[%emt 00:07:07]} d5 {[%clk 01:24:12]} {[%emt 00:02:54]}
9. e5 {[%clk 01:06:03]} {[%emt 00:14:50]} Nd7 {[%clk 01:24:31]} {[%emt
00:00:11]} 10. Qg3 {[%clk 01:05:40]} {[%emt 00:00:53]} f6 {[%clk 01:22:21]}
{[%emt 00:02:40]} 11. exf6 {[%clk 00:59:35]} {[%emt 00:06:36]} Qxf6 {[%clk
01:22:39]} {[%emt 00:00:12]} 12. Nh3 {[%clk 00:57:18]} {[%emt 00:02:47]} h6
{[%clk 01:19:38]} {[%emt 00:03:31]} 13. Rhe1 {[%clk 00:53:57]} {[%emt
00:03:46]} Bd4 {[%clk 01:16:04]} {[%emt 00:04:08]} 14. Bd6 {[%clk 00:44:46]}
{[%emt 00:09:35]} Be5 {[%clk 01:12:52]} {[%emt 00:03:49]} 15. Bxe5 {[%clk
00:43:38]} {[%emt 00:01:38]} Ndxe5 {[%clk 01:13:15]} {[%emt 00:00:07]} 16. f4
{[%clk 00:38:58]} {[%emt 00:05:08]} Ng6 {[%clk 01:10:55]} {[%emt 00:02:51]} 17.
f5 {[%clk 00:31:31]} {[%emt 00:07:57]} Nge7 {[%clk 01:09:17]} {[%emt 00:02:08]}
18. fxe6 {[%clk 00:31:41]} {[%emt 00:00:20]} Bxe6 {[%clk 01:09:40]} {[%emt
00:00:07]} 19. Bd3 {[%clk 00:28:05]} {[%emt 00:04:05]} Nb4 {[%clk 01:07:27]}
{[%emt 00:02:43]} 20. Nf4 {[%clk 00:23:32]} {[%emt 00:04:55]} Qxf4+ {[%clk
01:04:51]} {[%emt 00:03:14]} 21. Qxf4 {[%clk 00:23:55]} {[%emt 00:00:08]} Nxd3+
{[%clk 01:05:16]} {[%emt 00:00:05]} 22. cxd3 {[%clk 00:18:40]} {[%emt
00:05:45]} Rxf4 {[%clk 01:05:37]} {[%emt 00:00:08]} 23. Rxe6 {[%clk 00:19:03]}
{[%emt 00:00:07]} Nf5 {[%clk 01:03:07]} {[%emt 00:03:00]} 24. Nxd5 {[%clk
00:16:13]} {[%emt 00:03:20]} Rf2 {[%clk 01:02:44]} {[%emt 00:00:53]} 25. Nc3
{[%clk 00:08:26]} {[%emt 00:08:08]} Rxg2 {[%clk 01:02:10]} {[%emt 00:01:13]}
26. Re2 {[%clk 00:03:58]} {[%emt 00:04:56]} Rxe2 {[%clk 01:01:37]} {[%emt
00:01:05]} 27. Nxe2 {[%clk 00:04:25]} {[%emt 00:00:03]} Kf7 {[%clk 01:00:40]}
{[%emt 00:01:26]} 28. Kd2 {[%clk 00:04:32]} {[%emt 00:00:22]} Rc8 {[%clk
01:01:03]} {[%emt 00:00:09]} 29. d4 {[%clk 00:04:09]} {[%emt 00:00:51]} g5
{[%clk 01:01:01]} {[%emt 00:00:35]} 30. Kd3 {[%clk 00:03:30]} {[%emt 00:01:08]}
Re8 {[%clk 00:59:55]} {[%emt 00:01:36]} 31. Rf1 {[%clk 00:02:17]} {[%emt
00:01:42]} Ke6 {[%clk 01:00:03]} {[%emt 00:00:23]} 32. d5+ {[%clk 00:01:20]}
{[%emt 00:01:27]} Ke5 {[%clk 01:00:20]} {[%emt 00:00:12]} 33. Nc3 {[%clk
00:01:05]} {[%emt 00:00:44]} Nd6 {[%clk 00:59:44]} {[%emt 00:01:08]} 34. Re1+
{[%clk 00:00:53]} {[%emt 00:00:42]} Kf4 {[%clk 01:00:09]} {[%emt 00:00:05]} 35.
Rf1+ {[%clk 00:01:07]} {[%emt 00:00:16]} Ke5 {[%clk 01:00:22]} {[%emt
00:00:18]} 36. Re1+ {[%clk 00:01:16]} {[%emt 00:00:21]} Kf4 {[%clk 01:00:45]}
{[%emt 00:00:07]} 37. Rf1+ {[%clk 00:01:43]} {[%emt 00:00:02]} Ke5 {[%emt
00:01:43]} 1/2-1/2